Statistiques concernant Facteurs de 600

Cliquez ici pour prendre le quiz!

Statistiques générales

  • Ce quiz a été pris 46 fois
  • Le résultat moyen est 22 sur 24

Statistiques - réponses

Réponse% Correct
1
100%
10
100%
2
100%
3
100%
4
100%
5
100%
6
100%
12
98%
15
98%
20
98%
30
96%
60
96%
8
96%
100
93%
150
89%
200
89%
300
89%
25
87%
50
87%
600
84%
40
82%
24
78%
120
67%
75
64%

Distribution des résultats

Percentile par nombre de réponses

% des personnes avec chaque résultat

Votre développement - résultats

Vous n’avez pas pris ce quiz